វិធីចិញ្ចឹមកូនឳ្យបានល្អ ពី ០ ដល់ ៦ឆ្នាំ / (Record no. 1409)

MARC details
000 -LEADER
fixed length control field 01528nam a22002897a 4500
005 - DATE AND TIME OF LATEST TRANSACTION
control field 20231002103932.0
020 ## - INTERNATIONAL STANDARD BOOK NUMBER
International Standard Book Number 9789924340249
040 ## - CATALOGING SOURCE
Original cataloging agency FISKH
Language of cataloging eng
Transcribing agency FISKH
Modifying agency FISKH
082 ## - DEWEY DECIMAL CLASSIFICATION NUMBER
Classification number 649.122
100 ## - MAIN ENTRY--PERSONAL NAME
Personal name Somaly, Yaem
245 ## - TITLE STATEMENT
Title វិធីចិញ្ចឹមកូនឳ្យបានល្អ ពី ០ ដល់ ៦ឆ្នាំ /
250 ## - EDITION STATEMENT
Edition statement បោះពុម្ពលើកទី ៣ សីហា​ ២០២១
260 ## - PUBLICATION, DISTRIBUTION, ETC.
Place of publication, distribution, etc. Phnom Penh :
Name of publisher, distributor, etc. Sipar,
Date of publication, distribution, etc. 2021.
300 ## - PHYSICAL DESCRIPTION
Extent 44 pages :
Other physical details color illustrations ;
Dimensions 28 cm
490 ## - SERIES STATEMENT
Series statement បំនិនជីវិត
505 ## - FORMATTED CONTENTS NOTE
Formatted contents note Z'
520 ## - SUMMARY, ETC.
Summary, etc. បង្ហាញពីវិធីសាស្រ្ត និង គន្លិះងាយៗដើម្បីចញ្ចឹមកូន ឳ្យមានសុខភាពល្អ មានប្រាជ្ញាឈ្លាសវៃ រក្សាបានទំនាក់ទំនងល្អ​​ ជាមួយម្ដាយឪពុក និងចេះទទួលខុសត្រូវ ។
520 ## - SUMMARY, ETC.
Summary, etc. Demonstrate simple methods and tips to raise healthy, intelligent children, to maintain good relationships with parents and be responsible​ child.
521 ## - TARGET AUDIENCE NOTE
Target audience note 1120<br/>
Source Lexile estimate
521 ## - TARGET AUDIENCE NOTE
Target audience note Z'
Source Raz-Plus
650 ## - SUBJECT ADDED ENTRY--TOPICAL TERM
Topical term or geographic name entry element គន្លឹះ
Form subdivision ចញ្ចឹម
General subdivision ទំនាក់ទំនង
650 ## - SUBJECT ADDED ENTRY--TOPICAL TERM
Topical term or geographic name entry element Tips
Form subdivision Raise
General subdivision Relation
700 ## - ADDED ENTRY--PERSONAL NAME
Personal name Koursa, Yerng
Titles and other words associated with a name Author
700 ## - ADDED ENTRY--PERSONAL NAME
Personal name Rotha, Ouk
Titles and other words associated with a name illustrator
942 ## - ADDED ENTRY ELEMENTS (KOHA)
Source of classification or shelving scheme Dewey Decimal Classification
Koha item type Books
Suppress in OPAC No
999 ## -
-- 1409
-- 1409
Holdings
Withdrawn status Lost status Source of classification or shelving scheme Damaged status Not for loan Collection Home library Current library Shelving location Date acquired Total Checkouts Full call number Barcode Date last seen Copy number Price effective from Koha item type Date last checked out
    Dewey Decimal Classification     Khmer Language Books / សៀវភៅភាសាខ្មែរ Footprints International School Library Network Toul Kork Campus Footprints International School Library Network Toul Kork Campus   08/24/2023   SOM 649.122 2023-0331 08/24/2023 1 08/24/2023 Books  
    Dewey Decimal Classification     Khmer Language Books / សៀវភៅភាសាខ្មែរ Footprints International School Library Network Toul Kork Campus Footprints International School Library Network Toul Kork Campus   08/24/2023 2 SOM 649.122 2023-0332 06/30/2025 2 08/24/2023 Books 06/30/2025